| 000 | 00405nam a22001697a 4500 | ||
|---|---|---|---|
| 999 |
_c524035 _d524035 |
||
| 003 | NUST | ||
| 020 | _c(Hbk) | ||
| 038 | _aShaban | ||
| 082 |
_a891.421 _bZAM |
||
| 100 |
_aZaman, Fukhar _914861 |
||
| 245 |
_awangaar / _cFukhar Zaman |
||
| 260 |
_aLahore -: _bNafees printer, _c1995. |
||
| 300 | _a93 p.-; | ||
| 880 |
_6100-02\r _aفخرزمان |
||
| 880 |
_6245-02\r _aونگار / |
||
| 942 |
_2ddc _cBK |
||